Autocad for Engineering Graphics (Record no. 544771)
[ view plain ]
| 000 -LEADER | |
|---|---|
| fixed length control field | 00484nam a22001577a 4500 |
| 020 ## - INTERNATIONAL STANDARD BOOK NUMBER | |
| International Standard Book Number | 620.0042085 |
| 082 ## - DEWEY DECIMAL CLASSIFICATION NUMBER | |
| Classification number | 620.00420285 |
| Author Mark | BER |
| -- | L-2, P-163 |
| 100 ## - MAIN ENTRY--PERSONAL NAME | |
| Personal name | Bertoline, Gary R., |
| 9 (RLIN) | 7936 |
| 245 ## - TITLE STATEMENT | |
| Title | Autocad for Engineering Graphics |
| Statement of responsibility, etc. | Bertoline, Gary R., |
| 260 ## - PUBLICATION, DISTRIBUTION, ETC. | |
| Place of publication, distribution, etc. | New York |
| Name of publisher, distributor, etc. | Macmillan |
| Date of publication, distribution, etc. | c1990. |
| 300 ## - PHYSICAL DESCRIPTION | |
| Extent | iii, 515 p. : |
| Other physical details | ill. : |
| Dimensions | 29 cm |
| Accompanying material | pic |
| 526 ## - STUDY PROGRAM INFORMATION NOTE | |
| Program name | 0 |
| Interest level | 0 |
| Reading level | 0 |
| Title point value | 620_004202850000000_BER |
| 526 ## - STUDY PROGRAM INFORMATION NOTE | |
| Program name | 0 |
| Interest level | 0 |
| Reading level | 0 |
| Title point value | 620_004202850000000_BER |
| 650 ## - SUBJECT ADDED ENTRY--TOPICAL TERM | |
| Topical term or geographic name entry element | MCE |
| 9 (RLIN) | 379 |
| 942 ## - ADDED ENTRY ELEMENTS (KOHA) | |
| Source of classification or shelving scheme | |
| Koha item type | Book |
| Withdrawn status | Lost status | Source of classification or shelving scheme | Damaged status | Not for loan | Permanent Location | Current Location | Date acquired | Total Checkouts | Full call number | Barcode | Date last seen | Date last checked out | Price effective from | Koha item type |
|---|---|---|---|---|---|---|---|---|---|---|---|---|---|---|
| Military College of Engineering (MCE) | Military College of Engineering (MCE) | 05/12/2014 | 1 | 620.00420285 BER | MCE-27224 | 05/13/2014 | 05/13/2014 | 05/12/2014 | Book | |||||
| Military College of Engineering (MCE) | Military College of Engineering (MCE) | 05/12/2014 | 620.00420285 BER | MCE-30708 | 05/12/2014 | 03/14/2021 | Book |
